000 01597nam0a2200373 4500
001 RU\NLR\BIBL_A\022261366
005 20240826093848.0
010 _a978-5-600-03277-4
_9100
021 _aRU
_bКН-П-24-028310
_9КН-П-24-2888
035 _a(NLR Aleph) 022261366
090 _a12317935
_c12317935
100 _a20240625d2023 u y0rusy50 ca
101 0 _arus
102 _aRU
105 _aа z 010zy
181 0 _ai
_baxxe
182 0 _an
200 1 _aМы из СССР !
_eсборник мемуаров ветеранов
_fЛюдмила Быковская
203 _aТекст
_bвизуальный
_cнепосредственный
210 _aКраснодар
_c[б. и.]
_d2023
215 _a71 с.
_cил., цв. ил.
_d20
300 _a100-летию СССР посвящается
300 _aНа с. 3 авт.: Л. Быковская (Зяблицкая)
607 _aКраснодарский край
_jВоспоминания, записки и т.п
_xДеятели
_92479568
_3RU\NLR\AUTH\661472064
607 _aТихорецкий район (Краснодарский край)
_xИстория
_92116222
_3RU\NLR\AUTH\661278423
686 1 _aТ3(2Р-4Кр)7,013
686 2 _aШ6(2=Р)8я44
700 1 _7ca
_8rus
_aБыковская
_bЛ. А.
_cобществ. деятель, журналист, поэт
_f1954-
_gЛюдмила Андреевна
_9270954
_3RU\NLR\AUTH\770271010
942 _cBOOK
980 _aNB